Village in an urban orbit; (Record no. 73811)

MARC details
000 -LEADER
fixed length control field 00732cam a22002291 4500
001 - CONTROL NUMBER
control field sa 67003353
003 - CONTROL NUMBER IDENTIFIER
control field DLC
005 - DATE AND TIME OF LATEST TRANSACTION
control field 20260227112338.0
008 - FIXED-LENGTH DATA ELEMENTS--GENERAL INFORMATION
fixed length control field 781121s1960 pk ab 000 0 eng
010 ## - LIBRARY OF CONGRESS CONTROL NUMBER
LC control number sa 67003353
025 ## - OVERSEAS ACQUISITION NUMBER
Overseas acquisition number PL480:P-E-1122
035 ## - SYSTEM CONTROL NUMBER
System control number (OCoLC)4390645
040 ## - CATALOGING SOURCE
Original cataloging agency DLC
Transcribing agency MH
Modifying agency DLC
042 ## - AUTHENTICATION CODE
Authentication code premarc
050 00 - LIBRARY OF CONGRESS CALL NUMBER
Classification number HN690.5.P82
Item number H3
100 1# - MAIN ENTRY--PERSONAL NAME
Personal name Haider, Agha Sajjad.
245 10 - TITLE STATEMENT
Title Village in an urban orbit;
Remainder of title Shah-di-Khui, a village in Lahore urban area.
260 ## - PUBLICATION, DISTRIBUTION, ETC.
Place of publication, distribution, etc. Lahore,
Name of publisher, distributor, etc. Social Sciences Research Centre, University of the Panjab,
Date of publication, distribution, etc. 1960.
300 ## - PHYSICAL DESCRIPTION
Extent 35 p.
Other physical details illus., maps (part fold)
Dimensions 28 cm.
490 0# - SERIES STATEMENT
Series statement The village in Pakistan today
650 #0 - SUBJECT ADDED ENTRY--TOPICAL TERM
Topical term or geographic name entry element Villages
Geographic subdivision Pakistan
-- Punjab
Form subdivision Case studies.

No items available.

Powered by Koha